000 00376nam a22001097a 4500
082 _a621.46 HOP'A
100 _aHOPWOOD, H
_977302
245 _aALTERNATING CURRENT MOTOR WINDINGS COVERING THE DESIGN AND MANUFACTURE OF WINDINGS FOR ALL TYPES OF AC MOTOR FREQUENCY CHANGERS BOOSTERS AND CONVERTURES
260 _aBOMBAY
_bD. B. TARAPORALA
_c1950
300 _a320P
942 _cBK
999 _c582594
_d582594